000
00332 a2200169 4500
001
186980
020
_a
850801287X
040
_c
Magnum
100
_a
Belinky, Tatiana
240
1
0
_a
Stanislau
_l
por
245
1
0
_a
Stanislau
300
_a
362
0
_a
1986
440
1
_a
Ática
697
_a
LITERATURA INFANTO
942
_c
BK
999
_c
186980
_d
186980